Innovation, agglomeration and regional competition (Record no. 215544)

MARC details
000 -LEADER
fixed length control field 00555nam a2200181Ia 4500
008 - FIXED-LENGTH DATA ELEMENTS--GENERAL INFORMATION
fixed length control field 191130s2009##################000#0#eng##
020 ## - INTERNATIONAL STANDARD BOOK NUMBER
ISBN 9781845425265
082 ## - DEWEY DECIMAL CLASSIFICATION NUMBER
Classification number 338.6048 KAR
245 ## - TITLE STATEMENT
Title Innovation, agglomeration and regional competition
Statement of responsibility, etc [edited by] Charlie Karlsson, Borje Johansson
260 ## - PUBLICATION, DISTRIBUTION, ETC. (IMPRINT)
Place of publication Cheltenham, UK ; Northampton, MA
Name of publisher Edward Elgar
Year of publication 2009
300 ## - PHYSICAL DESCRIPTION
Number of Pages 404 p.; 23 cm
650 ## - SUBJECT ADDED ENTRY--TOPICAL TERM
Topical Term Economics
991 ## -
-- 204220
Holdings
Withdrawn status Lost status Damaged status Not for loan Home library Current library Shelving location Date acquired Full call number Accession Number Price effective from Koha item type
        Anna Centenary Library Anna Centenary Library 4TH FLOOR, A WING 13.10.2020 338.6048 KAR 344325 13.10.2020 English Books

Find us on the map